Kierkegaardian author (Record no. 931522)

MARC details
000 -LEADER
fixed length control field 00906nam a2200265Ia 4500
003 - CONTROL NUMBER IDENTIFIER
control field OSt
005 - DATE AND TIME OF LATEST TRANSACTION
control field 20221005023640.0
008 - FIXED-LENGTH DATA ELEMENTS--GENERAL INFORMATION
fixed length control field 221004b |||||||| |||| 00| 0 eng d
020 ## - INTERNATIONAL STANDARD BOOK NUMBER
International Standard Book Number 9783110193027 (hbk)
037 ## - SOURCE OF ACQUISITION
Terms of availability Textual
040 ## - CATALOGING SOURCE
Original cataloging agency CRL
Transcribing agency CRL
Language of cataloging eng
041 ## - LANGUAGE CODE
Source of code eng
Language code of text/sound track or separate title eng
100 ## - MAIN ENTRY--PERSONAL NAME
Personal name Westfall Joseph
9 (RLIN) 389000
245 #0 - TITLE STATEMENT
Title Kierkegaardian author
Remainder of title Authorship and performance in Kierkegaard's literary and dramatic criticism
260 ## - PUBLICATION, DISTRIBUTION, ETC.
Place of publication, distribution, etc. Berlin
Name of publisher, distributor, etc. Walter de Gruyter German
Date of publication, distribution, etc. 2007
300 ## - PHYSICAL DESCRIPTION
Extent xii,288p.
Dimensions cm.
490 ## - SERIES STATEMENT
Series statement Kierkegaard studies: Monograph series; 15
650 ## - SUBJECT ADDED ENTRY--TOPICAL TERM
Topical term or geographic name entry element PHILOSOPHY
942 ## - ADDED ENTRY ELEMENTS (KOHA)
Classification part R3xM13:g, P7
Koha item type Textual
Source of classification or shelving scheme
Holdings
Withdrawn status Lost status Damaged status Not for loan Home library Current library Date acquired Source of acquisition Cost, normal purchase price Total Checkouts Full call number Barcode Date last seen Cost, replacement price Price effective from Koha item type
        Central Library Central Library 2022-10-05 2570, 03/02/2009, Allied Publishers Pvt. Ltd. 5318.88   R3xM13:g P7 CL1398616 2022-10-05 5318.88 2022-10-05 Textual
Copyright @ Delhi University Library System